01007cam a22002537a 4500003000500000005001700005008004100022010001000063011001000073035001000083040000900093110008600102245013500188260007000323300001900393410008100412490002600493500006700519650001400586650002500600650002100625810008100646830002600727CHAP20220817043640.0000328s1972 mx a r 00010 spa d a80579 a81551 a92023 cCHAP2 aE.U.A. Departamento de Salud, Educación y Bienestar Servicio de Salud Pública10aAcaros de importancia para la salud pública y modo de combatirlosc/por Departamento de Salud, Educación y Bienestar de E.U.A. aMéxico, D.F. :bAgencia para el Desarrollo Internacional,c1972 a30 p. :bilus.21aCentro Regional de Ayuda Técnica. Agencia para el Desarrollo Internacional 0aLucha contra insectos aTrad. de : Mites of public health importance and their control14aÁcaros.14aPlagas domésticas.14aSalud pública.00aCentro Regional de Ayuda Técnica. Agencia para el Desarrollo Internacional00aLucha contra insectos